000 01233nam a22003377a 4500
001 00226
003 DO-SdBNP
005 20180313110049.0
007 00226
008 160418b 2002 dr ||||| |||| 00| 0 spa d
020 _a8482613510
040 _aBPMSU
_bspa
_cBPMSU
082 0 4 _a373.6561
_bG216L , 2do. 2002
100 1 _aGarcía Cartagena, Manuel
245 1 _aLengua y literatura 2do :
_cManuel García Cartagena ; dirección editorial Obdulia García de Escobar ; prólogo Milagros Ortíz Bosch.
250 _a2a ed.
260 _aSanto Domingo :
_bSecretaría de Estado de Educación,
_bSantillana,
_c2002.
300 _a279 p. :
_bil.,
_c27 cm.
500 _aSegundo Grado - Primer Ciclo - Educación Média
650 4 _aESPAÑOL
_xENSEÑANZA BÁSICA
650 4 _aESPAÑOL
_xEDUCACIÓN PRIMARIA
650 4 _aESPAÑOL
_xLIBROS DE TEXTOS
650 4 _aESPAÑOL
_xESTUDIOS Y EJERCICIOS
650 4 _aEDUCACIÓN PRIMARIA
_zREPÚBLICA DOMINICANA
700 1 2 _aGarcía de Escobar, Obdulia,
_eed.
700 1 2 _aOrtíz Bosch, Milagros,
_epról.
910 _aValidado. Control de calidad MFF
942 _2ddc
_cBK
945 _aRemanejado para la Bib. BNPHU, 2018/ YL
956 _aBrenda Tavárez
_b10
_c20170208
_hBPMSU
999 _c9818
_d9818